MARC

LEADER 00000nam0a2200000 4500
001 294781
005 20231102000735.0
020 |a RU  |b 82-14652ж 
035 |a (RuTPU)RU\TPU\book\319855 
090 |a 294781 
100 |a 20150516a1982 k y0rusy5003 ca 
101 0 |a rus 
102 |a RU 
105 |a a z 001zy 
200 1 |a Докембрий западного обрамления Сибирской платформы (геология и петрохимия)  |f В. Г. Петров  |g Академия наук СССР (АН СССР), Сибирское отделение (СО), Институт геологии и геофизики (ИГиГ) ; под ред. Ю. П. Казанского 
210 |a Новосибирск  |c Наука  |d 1982 
215 |a 207 с.  |c ил. 
225 1 |a Труды института геологии и геофизики СО АН СССР  |v Вып. 511 
320 |a Библиогр.: с.200-206 
606 |a Докембрийские отложения  |2 stltpush  |3 (RuTPU)RU\TPU\subj\9862  |9 37021 
610 1 |a характеристики 
610 1 |a Сибирская платформа 
610 1 |a стратиграфия 
610 1 |a петрохимия 
610 1 |a литолого-фациальные комплексы 
675 |a 551.71/.72  |v 3 
700 1 |a Петров  |b В. Г.  |g Виктор Григорьевич 
702 1 |a Казанский  |b Ю. П.  |4 340 
712 0 2 |a Академия наук СССР (АН СССР)  |b Сибирское отделение (СО)  |b Институт геологии и геофизики (ИГиГ)  |c (Новосибирск)  |2 stltpush  |3 (RuTPU)RU\TPU\col\128 
801 0 |a RU  |b RuMRKP  |c 19950704  |g psbo 
801 1 |a RU  |b 63413507  |c 20150516 
801 2 |a RU  |b 63413507  |c 20190201  |g RCR 
942 |c BK